The noble scholar, jurist, historian


 His Excellency Dr. Abdul Wahhab bin Ibrahim Abu Sulaiman, may Allah have mercy on him.


 He was born in Umm Al-Qura in the year 1356 AH.

زاد المسلم فيما اتفق عليه البخاري ومسلم ؛ (Record no. 12492)

MARC details
000 -LEADER
fixed length control field 02049cam a22003371i 4500
003 - CONTROL NUMBER IDENTIFIER
control field SA-RiAUC
005 - DATE AND TIME OF LATEST TRANSACTION
control field 20251013072445.0
008 - FIXED-LENGTH DATA ELEMENTS--GENERAL INFORMATION
fixed length control field 251013m19541956ua g 000 0 ara c
040 ## - CATALOGING SOURCE
Original cataloging agency SA-RiKSU
Language of cataloging ara
Transcribing agency SA-RiAUC
Description conventions rda
082 04 - DEWEY DECIMAL CLASSIFICATION NUMBER
Classification number 235
Assigning agency SA-RiAUC
090 ## - LOCALLY ASSIGNED LC-TYPE CALL NUMBER (OCLC); LOCAL CALL NUMBER (RLIN)
Classification number (OCLC) (R) ; Classification number, CALL (RLIN) (NR) ن 235
Local cutter number (OCLC) ; Book number/undivided call number, CALL (RLIN) ش ن ق
100 1# - MAIN ENTRY--PERSONAL NAME
Personal name الشنقيطي، محمد بن عبد الله بن أحمد،
Dates associated with a name 1295-1363 هجري
Relator term مؤلف.
245 10 - TITLE STATEMENT
Title زاد المسلم فيما اتفق عليه البخاري ومسلم ؛
Remainder of title بهامشه، فتح المنعم ببيان ما احتيج لبيانه من زاد المسلم /
Statement of responsibility, etc. محمد حبيب الله الشنقيطي.
264 #1 - PRODUCTION, PUBLICATION, DISTRIBUTION, MANUFACTURE, AND COPYRIGHT NOTICE
Place of production, publication, distribution, manufacture القاهرة :
Name of producer, publisher, distributor, manufacturer محمد بن محمد الشرنوبي،
Date of production, publication, distribution, manufacture, or copyright notice 1954-1956
300 ## - PHYSICAL DESCRIPTION
Extent 5 مجلد ؛
Dimensions 24 سم
336 ## - CONTENT TYPE
Content type term نص
Content type code txt
Source rdacontent
Materials specified كتاب
337 ## - MEDIA TYPE
Media type term بدون وسيط
Media type code n
Source rdamedia
338 ## - CARRIER TYPE
Carrier type term مجلد
Carrier type code nc
Source rdacarrier
650 #7 - SUBJECT ADDED ENTRY--TOPICAL TERM
Topical term or geographic name entry element الحديث
General subdivision الكتب الستة
Source of heading or term aucsh
650 #7 - SUBJECT ADDED ENTRY--TOPICAL TERM
Topical term or geographic name entry element صحيح البخاري
Source of heading or term aucsh
650 #7 - SUBJECT ADDED ENTRY--TOPICAL TERM
Topical term or geographic name entry element صحيح مسلم
Source of heading or term aucsh
700 12 - ADDED ENTRY--PERSONAL NAME
Personal name البخاري، محمد بن إسماعيل بن إبراهيم،
Dates associated with a name 194-256 هجري
700 12 - ADDED ENTRY--PERSONAL NAME
Personal name الإمام مسلم، مسلم بن الحجاج بن مسلم،
Dates associated with a name 204-261 هجري
740 02 - ADDED ENTRY--UNCONTROLLED RELATED/ANALYTICAL TITLE
Uncontrolled related/analytical title صحيح البخاري، المسمى، الجامع الصحيح المسند من حديث رسول الله وسننه وأيامه.
740 22 - ADDED ENTRY--UNCONTROLLED RELATED/ANALYTICAL TITLE
Uncontrolled related/analytical title الجامع الصحيح المسند من حديث رسول الله وسننه وأيامه.
740 02 - ADDED ENTRY--UNCONTROLLED RELATED/ANALYTICAL TITLE
Uncontrolled related/analytical title صحيح مسلم، المسمى، المسند الصحيح المختصر من السنن بنقل العدل عن العدل عن رسول الله صلى الله عليه وسلم.
740 22 - ADDED ENTRY--UNCONTROLLED RELATED/ANALYTICAL TITLE
Uncontrolled related/analytical title المسند الصحيح المختصر من السنن بنقل العدل عن العدل عن رسول الله صلى الله عليه وسلم.
740 02 - ADDED ENTRY--UNCONTROLLED RELATED/ANALYTICAL TITLE
Uncontrolled related/analytical title فتح المنعم ببيان ما احتيج لبيانه من زاد المسلم.
942 ## - ADDED ENTRY ELEMENTS (KOHA)
Source of classification or shelving scheme Dewey Decimal Classification
Koha item type كتاب نادر
Suppress in OPAC No
949 ## - LOCAL PROCESSING INFORMATION (OCLC)
a SA-JeALM
d 251013
u eid123
n 1
Holdings
Withdrawn status Lost status Source of classification or shelving scheme Materials specified (bound volume or other part) Damaged status Not for loan Home library Current library Date acquired Total checkouts Full call number Barcode Date last seen Price effective from Koha item type
    Dewey Decimal Classification الجزء الاول     DR AbdElwahab Library DR AbdElwahab Library 10/13/2025   ن 235 ش ن ق 000020160 10/13/2025 10/13/2025 كتاب نادر
    Dewey Decimal Classification الجزء الثاني     DR AbdElwahab Library DR AbdElwahab Library 10/13/2025   ن 235 ش ن ق 000020161 10/13/2025 10/13/2025 كتاب نادر
    Dewey Decimal Classification الجزء الثالث     DR AbdElwahab Library DR AbdElwahab Library 10/13/2025   ن 235 ش ن ق 000020162 10/13/2025 10/13/2025 كتاب نادر
    Dewey Decimal Classification الجزء الرابع     DR AbdElwahab Library DR AbdElwahab Library 10/13/2025   ن 235 ش ن ق 000020163 10/13/2025 10/13/2025 كتاب نادر
    Dewey Decimal Classification الجزء الخامس     DR AbdElwahab Library DR AbdElwahab Library 10/13/2025   ن 235 ش ن ق 000020164 10/13/2025 10/13/2025 كتاب نادر